VYUŽITIE KYSELINY GLUTÁMOVEJ PRI OTRAVE PREŽÚVAVCOV NPN LÁTKAMI

Bibliographic Details
Main Authors: Šutiak, Václav, 1944- (Author), Šutiaková, Irena, 1948- (Author), Legáth, Jaroslav, 1957- (Author), Neuschl, J. (Author), Korenek, M. (Author)
Format: Article
Language:Slovak
ISBN:8071377465

MARC

LEADER 00000naa a2200000uu 4500
001 vtls011051409
003 SK-MaSNL
005 20260302113508.0
008 210910|2000 xo |||||||||||||||||slo|
015 |a SNBRA 
035 |a (urnnbn)urn:nbn:sk:snk:ar-a0buqj 
035 |a (uuid)7abbc21c-6bfa-48e2-8495-f7040acf9b48 
035 |a urn:nbn:sk:snk-aav1rr 
040 |a SNKBUCL  |b slo  |c SNKBUCL  |e AACR2 
041 0 |a slo 
044 |a xo  |c SK 
100 1 |a Šutiak, Václav,  |d 1944-  |4 aut  |9 199196 
245 1 0 |a VYUŽITIE KYSELINY GLUTÁMOVEJ PRI OTRAVE PREŽÚVAVCOV NPN LÁTKAMI  |c V. Šutiak, I. Šutiaková, J. Legáth, J. Neuschl, M. Korenek 
700 1 |a Šutiaková, Irena,  |d 1948-  |4 aut  |9 199198 
700 1 |a Legáth, Jaroslav,  |d 1957-  |4 aut  |9 194644 
700 1 |a Neuschl, J.  |4 aut  |9 777666 
700 1 |a Korenek, M.  |4 aut  |9 777672 
773 0 |t 4. celoslovenský seminár z fyziológie živočíchov, 6.-7. septembra 2000, SPU Nitra  |d V Nitre : Slovenská poľnohospodárska univerzita, 2000  |g S. 64-65  |z 8071377465 
958 |a OND 
958 |a article12 
958 |a chapter 
999 |c 1255890  |d 1257820